Normal view
MARC view
- VLAD
Entry Nombre Personal
001 - NUMERO DE CONTROL
- campo de control: 18373
003 - IDENTIFICADOR DE NUMERO DE CONTROL
- campo de control: UPN
005 - FECHA Y HORA DE LA ÜLTIMA TRANSACCIÓN
- campo de control: 20210219193907.0
008 - DATOS DE LONGITUD FIJA
- campo de control de longitud fija: nabaccnnaabn|||||||||| b |nc|||||d
035 ## - NUMERO DE CONTROL
- Número de control: UPN10000018381
040 ## - FUENTE DE CATALOGACIÓN
- Lenguaje de catalogación: SPA
- Agencia de transcripción: UPN
053 #4 - NÚMERO DE CLASIFICACIÓN LC
- Número de clasificación elemento-número único o número inicial de tramo: DR240.5 V55
100 0# - ENCABEZAMIENTO - NOMBRE PERSONAL
- Nombre personal: VLAD
- Numeración: III,
- Títulos u otras palabras asociadas al nombre: PRINCIPE DE VALAQUIA,
- Fechas asociadas con el nombre: 1430 ó 31-1476 ó 7
400 0# - VEÁSE - NOMBRE DE PERSONA
- Personal name: Vlad,
- Titles and other words associated with a name: El empalador,
- Dates associated with a name: 1430 ó 31-1476 ó 7
400 0# - VEÁSE - NOMBRE DE PERSONA
- Personal name: Drácula,
- Dates associated with a name: 1430 ó 31-1476 ó 7
670 ## - FUENTE EN LA QUE SE LOCALIZARON DATOS
- Cita de la fuente: LC
- Información localizada: Vlad III, Prince of Wallachia, 1430 or 31-1476 or 7
902 ## - CATALOGADOR
- Catalogador: MCM/230611
